| 000 | 00337 a2200109 4500 | ||
|---|---|---|---|
| 001 | ART_11545 | ||
| 005 | 20260410161858.0 | ||
| 008 | 260409a | ||
| 245 | 1 | 0 | _aEstate taxation and charitable bequests |
| 100 | 1 | _aBoskin, Michael | |
| 773 | 0 |
_tJournal of public economics _g- Vol. 5, NÂș 1/2 (ene./feb. 1976) _wREV11485 |
|
| 999 |
_c25626 _d25626 |
||